| 000 | 00780nam a2200193 a 4500 | ||
|---|---|---|---|
| 008 | 070215s1994 ||||||||||||||||| || u | ||
| 020 | _a014029161X | ||
| 050 | _aQH 313 Wil. | ||
| 100 | _aWilson, Edward O | ||
| 245 | 1 | 4 | _aThe diversity of life |
| 260 |
_aLondon _bPenguin _c1994 |
||
| 300 | _axxii , 406p. :ill. | ||
| 350 | _a0.00 | ||
| 490 | _aQuestions of science series | ||
| 650 | _aBIODIVERSITY CONSERVATION | ||
| 650 | 0 | _aBIODIVERSITY | |
| 995 |
_aSPECIAL COLLECTIONS _e500312 _FCBU-DAG HAMMARSKJOLD INSTITUTE LIBRARY _I0.00 _jQH 313 Wil. _M2 _UAVAILABLE _WDec 11, 2012 _y500312 _ZDHIPS Book Collection |
||
| 995 |
_aMAIN LIBRARY OPEN ACCESS _D0.00 _e737540 _FCBU-MAIN LIBRARY (Kitwe) _H1 _I0.00 _jQH 313 Wil. _M1 _UAVAILABLE _WFeb 15, 2007 _y53032 _ZMain Library Open Access Collection |
||
| 999 |
_c63624 _d63624 |
||